Просвечивающая электронная микроскопия и дифрактометрия материалов: пер. с англ.

التفاصيل البيبلوغرافية
المؤلف الرئيسي: Фульц Б. Брент
مؤلفون آخرون: Хау Дж. Джеймс
الملخص:В третьем издании книги представлены новые достижения в области микроскопии и экспериментальных методов дифракции. Новое издание увеличилось на одну главу. Внесены существенные изменения в главы 1, 3, 7, 8 и 9. Текст полностью отредактирован для большей ясности изложения и исправления недостатков, обнаруженных в ходе преподавания. Книга представляет интерес для ученых, инженеров и преподавателей высшей школы, аспирантов и студентов профильных вузов.
اللغة:الروسية
منشور في: Москва, Техносфера, 2011
سلاسل:Мир физики и техники
الموضوعات:
التنسيق: MixedMaterials كتاب
KOHA link:https://koha.lib.tpu.ru/cgi-bin/koha/opac-detail.pl?biblionumber=219144

MARC

LEADER 00000nam0a2200000 4500
001 219144
005 20231101230234.0
010 |a 9785948362915 
035 |a (RuTPU)RU\TPU\book\239182 
090 |a 219144 
100 |a 20120702d2011 km y0rusy50 ca 
101 1 |a rus  |c eng 
102 |a RU 
105 |a a z 001zy 
200 1 |a Просвечивающая электронная микроскопия и дифрактометрия материалов  |e пер. с англ.  |f Б. Фульц, Дж. Хау 
210 |a Москва  |c Техносфера  |d 2011 
215 |a 904 с.  |c ил. 
225 1 |a Мир физики и техники 
320 |a Библиогр.: с. 805-820. 
320 |a Предметный указатель: с. 883-903. 
330 |a В третьем издании книги представлены новые достижения в области микроскопии и экспериментальных методов дифракции. Новое издание увеличилось на одну главу. Внесены существенные изменения в главы 1, 3, 7, 8 и 9. Текст полностью отредактирован для большей ясности изложения и исправления недостатков, обнаруженных в ходе преподавания. Книга представляет интерес для ученых, инженеров и преподавателей высшей школы, аспирантов и студентов профильных вузов. 
606 1 |a Электронная микроскопия  |2 stltpush  |3 (RuTPU)RU\TPU\subj\20357  |9 45466 
606 1 |a Дифрактометрия рентгеновская  |2 stltpush  |3 (RuTPU)RU\TPU\subj\9673  |9 36859 
610 1 |a дифракция 
610 1 |a дифрактометры 
610 1 |a TEM 
610 1 |a электронные микроскопы 
610 1 |a оптика 
610 1 |a рассеяние 
610 1 |a электроны 
610 1 |a неупругое рассеяние 
610 1 |a спектроскопия 
610 1 |a дифракционные линии 
610 1 |a функции Паттерсона 
610 1 |a диффузное рассеяние 
610 1 |a изображения высокого разрешения 
610 1 |a динамическая теория 
675 |a 537.533.3  |v 3 
675 |a 621.386.8  |v 3 
700 1 |a Фульц  |b Б.  |g Брент 
701 1 |a Хау  |b Дж.  |g Джеймс 
801 1 |a RU  |b 63413507  |c 20120702 
801 2 |a RU  |b 63413507  |c 20150702  |g RCR 
942 |c BK 
959 |a 98/20120702  |d 2  |e 1300,00  |f ЧЗТЛ:1  |f АНЛ:1